The Emerging marine economy of the Pacific /

Bibliographic Details
Other Authors: Gopalakrishnan, Chennat
Format: Book
Language:English
Published: Boston : Butterworths, [1984]
Subjects:

MARC

Tag First Indicator Second Indicator Subfields
LEADER 00000pam a2200000 a 4500
001 in00000513721
005 20151013093826.0
008 831220s1984 mau b 00100 eng
010 |a  83027115  
020 |a 0250406373 
035 |a (OCoLC)10300545 
035 |9 ACG1759AM 
039 0 |a 2  |b 3  |c 3  |d 3  |e 3 
040 |a DLC  |c DLC  |d TXA  |d UtOrBLW 
043 |a p------ 
049 |a TXAM  |c [1677173] 
050 0 0 |a HC681  |b .E43 1984 
082 0 |a 333.95/2/09164  |2 19 
245 0 4 |a The Emerging marine economy of the Pacific /  |c edited by Chennat Gopalakrishnan. 
264 1 |a Boston :  |b Butterworths,  |c [1984] 
264 4 |c ©1984 
300 |a ix, 246 pages ;  |c 25 cm. 
336 |a text  |b txt  |2 rdacontent 
337 |a unmediated  |b n  |2 rdamedia 
338 |a volume  |b nc  |2 rdacarrier 
500 |a "An Ann Arbor Science book." 
504 |a Includes bibliographies and index. 
650 0 |a Marine resources  |z Pacific Area. 
700 1 |a Gopalakrishnan, Chennat. 
999 |a MARS 
999 f f |s c787f251-385b-3b50-8934-6c1083a083d2  |i b308edfd-937f-3986-82d8-9ed69dcd970b  |t 0 
952 f f |p ric  |a Texas A&M University  |b Rellis Campus  |c Joint Library Facility  |d Remote Storage  |t 0  |e HC681 .E43 1984  |h Library of Congress classification  |i unmediated -- volume  |m A14808105453 
998 f f |a HC681 .E43 1984  |t 0  |l Remote Storage